| 000 | 00645nam a22001817a 4500 | ||
|---|---|---|---|
| 005 | 20251108164714.0 | ||
| 008 | 250721s2009 xx 000 0 ara d | ||
| 082 | 1 | 4 | _a956.50224/دير |
| 100 | 1 |
_aالديري، صالح أحمد _eمؤلف |
|
| 245 | 1 | 0 | _aوجهه الأردن : الملك عبد الله الثاني إبن الحسين المعظم / |
| 264 | 1 |
_aعمان : _bدار المستقبل للنشر و التوزيع، _c2009. |
|
| 300 | _a384 ص. | ||
| 650 | 1 | 7 | _aتاريخ الاردن |
| 650 | 1 | 7 | _aالاردن |
| 653 | _aعصر الملك عبد الله الثاني 1999 - | ||
| 942 |
_2ddc _cBK |
||
| 999 |
_c12330 _d12330 |
||